000 00436nam a2200169Ia 4500
003 GCL
008 140319s9999 xx 000 0 ara d
040 _aGCL /
_cGCL
082 0 4 _a210.1
_bم ا
100 1 _aمحمود جاد
245 1 0 _aاسلمة العلوم: رؤية نقدية /
_cمحمود جاد
300 _a34
490 _aكتاب
_v0
650 0 4 _aالاسلام
650 0 4 _aتاريخ ونقد
942 _2ddc
_cBK
999 _c42527
_d42527